Ancient Indian Philosophy and Modern Science (Record no. 12845)

MARC details
000 -LEADER
fixed length control field 00394nam a22001457a 4500
003 - CONTROL NUMBER IDENTIFIER
control field OSt
008 - FIXED-LENGTH DATA ELEMENTS--GENERAL INFORMATION
fixed length control field 240828b |||||||| |||| 00| 0 eng d
020 ## - INTERNATIONAL STANDARD BOOK NUMBER
International Standard Book Number 9788120842489
082 ## - DEWEY DECIMAL CLASSIFICATION NUMBER
Classification number 181.4
Item number AGA
100 ## - MAIN ENTRY--PERSONAL NAME
Personal name AGRAWAL, Pramod Kumar
245 ## - TITLE STATEMENT
Title Ancient Indian Philosophy and Modern Science
260 ## - PUBLICATION, DISTRIBUTION, ETC. (IMPRINT)
Place of publication, distribution, etc Delhi:
Name of publisher, distributor, etc Motilal Banarsidass Publishers,
Date of publication, distribution, etc 2019.
300 ## - PHYSICAL DESCRIPTION
Extent xii,259p.
942 ## - ADDED ENTRY ELEMENTS (KOHA)
Source of classification or shelving scheme Dewey Decimal Classification
Koha item type Text Books
Holdings
Withdrawn status Lost status Source of classification or shelving scheme Damaged status Not for loan Collection code Home library Current library Date acquired Source of acquisition Currency Cost, normal purchase price Bill Number Total Checkouts Full call number Acc. no. / Barcode Date last seen Actual Cost, discounted price Bill Date Koha item type
    Dewey Decimal Classification     IKS- Indian Knowledge System PIET C-LIBRARY PIET C-LIBRARY 29/08/2024 Zafaa Books and Distributors INR 950.00 ZBD0134   181.4 AGA 38385 29/08/2024 712.50 12/08/2024 Text Books

Design & Developed by: PIET Central Library
R70 Miles Stone Pattikalyana Samalkha Panipat 132102
mail ID :- [email protected], Phone No:- 0180-2569700 Ex.216